[Event "UKR-ch U20 qual"]
[Site "Lvov"]
[Date "2005.12.13"]
[Round "3"]
[White "Zatorsky, Danylo"]
[Black "Belov, Ilya"]
[Result "0-1"]
[WhiteElo "2125"]
[BlackElo "2099"]
[PlyCount "134"]
[EventDate "2005.12.11"]
[EventType "swiss"]
[EventRounds "9"]
[EventCountry "UKR"]
[SourceTitle "EXT 2007"]
[Source "ChessBase"]
[SourceDate "2006.11.23"]
[SourceVersion "1"]
[SourceVersionDate "2006.11.23"]
[SourceQuality "1"]

1. c4 Nf6 2. Nc3 e6 3. g3 Be7 4. Bg2 0-0 5. Nf3 c5 6. 0-0 Nc6 7. d4 cxd4 8. Nxd4 a6 9. e4 Qc7 10. b3 Bc5 11. Nc2 Rb8 12. Be3 Bxe3 13. Nxe3 b5 14. Rc1 Qa7 15. Qd6 Ne8 16. Qd2 Nc7 17. Rfd1 Rd8 18. cxb5 axb5 19. Nxb5 Nxb5 20. Rxc6 Bb7 21. Rcc1 Qa8 22. Qd3 Na7 23. e5 Bxg2 24. Nxg2 Nc6 25. Qd6 Nb4 26. Rc4 Qf3 27. Rf4 Qc3 28. Qd2 Nd5 29. Rd4 Qf3 30. Nf4 Nxf4 31. Qxf4 Qxf4 32. Rxf4 Ra8 33. Rd2 Kf8 34. Rc4 Ke7 35. f4 Ra7 36. Kf2 Rda8 37. Rcc2 f6 38. Ke3 fxe5 39. fxe5 Ra5 40. Ke4 R8a7 41. Rb2 Rb7 42. Rd4 Rbb5 43. a4 Rxe5+ 44. Kd3 d5 45. Kc3 Kd6 46. Kb4 Ra7 47. a5 Rb7+ 48. Ka4 Kc5 49. Rbd2 Re4 50. Rxe4 dxe4 51. a6 Rb4+ 52. Ka5 Rxb3 53. Ra2 Rb8 54. a7 Rf8 55. Ka6 e3 56. Kb7 Kd4 57. Rc2 Kd3 58. Rc8 Rxc8 59. Kxc8 e2 60. a8Q e1Q 61. Qa6+ Kd2 62. Qd6+ Kc2 63. Kd7 e5 64. Ke6 e4 65. Qc6+ Kd3 66. Qd5+ Ke3 67. Qg5+ Kf3 0-1

[Event "UKR-ch sf U18"]
[Site "Lvov"]
[Date "2003.11.30"]
[Round "3"]
[White "Kilimar, Viacheslav"]
[Black "Belov, Ilya"]
[Result "0-1"]
[WhiteElo "2050"]
[BlackElo "2137"]
[PlyCount "72"]
[EventDate "2003.11.28"]
[EventType "swiss"]
[EventRounds "9"]
[EventCountry "UKR"]
[SourceTitle "EXT 2008"]
[Source "ChessBase"]
[SourceDate "2007.11.25"]
[SourceVersion "1"]
[SourceVersionDate "2007.11.25"]
[SourceQuality "1"]

1. e4 d6 2. d4 Nf6 3. Nc3 g6 4. Bg5 c6 5. Qd2 b5 6. Bd3 h6 7. Bh4 g5 8. Bg3 Nh5 9. Nge2 Bg7 10. f4 gxf4 11. Bxf4 Nxf4 12. Qxf4 e5 13. dxe5 dxe5 14. Qf3 Be6 15. Ng3 Nd7 16. 0-0 Qg5 17. a4 b4 18. Nd1 h5 19. Ne3 h4 20. Ngf5 Bf8 21. Nc4 Bxc4 22. Bxc4 0-0-0 23. Bxf7 h3 24. g3 Bc5+ 25. Kh1 Nf6 26. Nh4 Rd6 27. Rad1 Rhd8 28. Rxd6 Rxd6 29. Bc4 Kc7 30. Be2 a5 31. c3 bxc3 32. bxc3 Rd2 33. Rb1 Qe3 34. Qxf6 Qxe4+ 35. Qf3 Qxb1+ 36. Bf1 Rf2 0-1

[Event "UKR-ch sf U18"]
[Site "Lvov"]
[Date "2003.11.28"]
[Round "1"]
[White "Solomaha, Andrey"]
[Black "Belov, Ilya"]
[Result "1-0"]
[WhiteElo "2323"]
[BlackElo "2137"]
[PlyCount "55"]
[EventDate "2003.11.28"]
[EventType "swiss"]
[EventRounds "9"]
[EventCountry "UKR"]
[SourceTitle "EXT 2008"]
[Source "ChessBase"]
[SourceDate "2007.11.25"]
[SourceVersion "1"]
[SourceVersionDate "2007.11.25"]
[SourceQuality "1"]

1. e4 d6 2. d4 Nf6 3. Nc3 g6 4. h3 c6 5. g3 Bg7 6. Bg2 0-0 7. Nge2 e5 8. 0-0 a5 9. a4 Na6 10. Be3 Nb4 11. Qd2 Be6 12. g4 Bc4 13. Rae1 Ba6 14. f4 Nd7 15. Rf2 exf4 16. Bxf4 Nb6 17. b3 d5 18. e5 f6 19. exf6 Bxf6 20. Bh6 Bg7 21. Rxf8+ Qxf8 22. Bxg7 Qxg7 23. Nf4 g5 24. Nh5 Qg6 25. Re7 Kh8 26. Qe3 Kg8 27. Qe5 Kf8 28. Re6 1-0